Mud pie queen / (Record no. 3228)

MARC details
000 -LEADER
fixed length control field 01257cam a22002657a 4500
005 - DATE AND TIME OF LATEST TRANSACTION
control field 20260106141751.0
020 ## - INTERNATIONAL STANDARD BOOK NUMBER
International Standard Book Number 9781618103031
040 ## - CATALOGING SOURCE
Original cataloging agency DLC
Transcribing agency DLC
Modifying agency DLC
Language of cataloging eng
050 00 - LIBRARY OF CONGRESS CALL NUMBER
Classification number G8371
082 ## - DEWEY DECIMAL CLASSIFICATION NUMBER
Classification number 823
100 1# - MAIN ENTRY--PERSONAL NAME
Personal name Greve, Meg
245 10 - TITLE STATEMENT
Title Mud pie queen /
Statement of responsibility, etc. by Greve, Meg : illustrated by Poole, Helen
260 ## - PUBLICATION, DISTRIBUTION, ETC.
Place of publication, distribution, etc. Florida :
Name of publisher, distributor, etc. Rourke Educational Media,
Date of publication, distribution, etc. 2013
300 ## - PHYSICAL DESCRIPTION
Extent 24 pages :
Other physical details color illustrations ;
Dimensions 21 cm.
490 0# - SERIES STATEMENT
Series statement Little birdie books
505 ## - FORMATTED CONTENTS NOTE
Formatted contents note F <br/>
520 ## - SUMMARY, ETC.
Summary, etc. Featuring 24 pages of colorful illustrations with a fictional story and supporting vocabulary, Mud Pie Queen introduces young readers to punctuation, sight words, and reading comprehension skills. Little Birdie Books provide a fun, informative way to approach essential educational skills. These age-appropriate readers engage early learners by using simple language and appealing topics while also featuring helpful sections like Words to Know Before You Read, Comprehension & Extension activities, and more.
521 ## - TARGET AUDIENCE NOTE
Target audience note 320 <br/>
Source Lexile <br/>
521 ## - TARGET AUDIENCE NOTE
Target audience note F <br/>
Source Raz-Plus <br/>
650 ## - SUBJECT ADDED ENTRY--TOPICAL TERM
Topical term or geographic name entry element mud pie queen
Form subdivision fiction
700 1# - ADDED ENTRY--PERSONAL NAME
Personal name Poole, Helen
Dates associated with a name 1979-
Relator term illustrator
906 ## - LOCAL DATA ELEMENT F, LDF (RLIN)
a 7
b cbc
c orignew
d 4
e ncip
f 20
g y-gencatlg
942 ## - ADDED ENTRY ELEMENTS (KOHA)
Source of classification or shelving scheme Dewey Decimal Classification
Koha item type Books
Suppress in OPAC No
999 ## -
-- 3228
-- 3228
Holdings
Withdrawn status Lost status Source of classification or shelving scheme Damaged status Not for loan Collection Home library Current library Shelving location Date acquired Total Checkouts Full call number Barcode Date last seen Date last checked out Copy number Price effective from Koha item type
    Dewey Decimal Classification     Juvenile Fiction Footprints International School Library Network Toul Tom Poung Campus Footprints International School Library Network Toul Tom Poung Campus TTP Primary Green Bookshelves 02/20/2024 1 GER 823 G8371 FISTK00955 03/11/2024 03/04/2024 1 02/20/2024 Books
    Dewey Decimal Classification     Juvenile Fiction Footprints International School Library Network Toul Tom Poung Campus Footprints International School Library Network Toul Tom Poung Campus TTP Primary Green Bookshelves 12/18/2025   GER 823 G8371 FIS02813 12/18/2025   2 12/18/2025 Books